| 000 | 00942nam a2200205Ia 4500 | ||
|---|---|---|---|
| 999 |
_c41536 _d41536 |
||
| 001 | 8203 | ||
| 003 | GE_BSU | ||
| 005 | 20221005104003.0 | ||
| 008 | 181216s2004ge xx |||||||||||||| ||geo|| | ||
| 040 | _cGE_BSU | ||
| 041 | _ageo | ||
| 080 | _a821.353.1-09 დ-90 | ||
| 100 |
_aდუმბაძე, ნოდარ. _91321 |
||
| 245 |
_a შთაბეჭდილებები, _bწერილები, გამოსვლები / _cნოდარ დუმბაძე, რედ. დ.კემულარია, მხატვ: დ.დუნდუა. |
||
| 264 |
_aთბილისი : _bსაბჭ.საქართველო, _c1984. |
||
| 300 |
_a231 გვ; _b1ფ.პორტ. _c20 სმ. |
||
| 653 | _aშთაბეჭდილებები,წერილები, გამოსვლები. | ||
| 700 |
_aკემულარია, დ _eრედაქტორი _915046 |
||
| 942 |
_cBK _2udc |
||